Resources,Values and Development. (Record no. 3680)

MARC details
000 -LEADER
fixed length control field 00518nam a22001937a 4500
003 - CONTROL NUMBER IDENTIFIER
control field OSt
005 - DATE AND TIME OF LATEST TRANSACTION
control field 20160421141908.0
008 - FIXED-LENGTH DATA ELEMENTS--GENERAL INFORMATION
fixed length control field 160421b xxu||||| |||| 00| 0 eng d
020 ## - INTERNATIONAL STANDARD BOOK NUMBER
International Standard Book Number 0674765265
040 ## - CATALOGING SOURCE
Transcribing agency DDC.
082 ## - DEWEY DECIMAL CLASSIFICATION NUMBER
Classification number 509SEN 1984.
100 ## - MAIN ENTRY--PERSONAL NAME
Personal name Sen,Amartya;
9 (RLIN) 3941
245 ## - TITLE STATEMENT
Title Resources,Values and Development.
260 ## - PUBLICATION, DISTRIBUTION, ETC. (IMPRINT)
Place of publication, distribution, etc. England.
Name of publisher, distributor, etc. Harvard University Press.
Date of publication, distribution, etc. 1984.
300 ## - PHYSICAL DESCRIPTION
Extent vi,547p;
Other physical details ill:
Dimensions 25cm.
504 ## - BIBLIOGRAPHY, ETC. NOTE
Bibliography, etc includes references and index.
650 ## - SUBJECT ADDED ENTRY--TOPICAL TERM
Topical term or geographic name as entry element Development.
9 (RLIN) 612
942 ## - ADDED ENTRY ELEMENTS (KOHA)
Source of classification or shelving scheme Dewey Decimal Classification
Koha item type Short Loan
Holdings
Withdrawn status Lost status Source of classification or shelving scheme Damaged status Not for loan Home library Current library Date acquired Source of acquisition Inventory number Total Checkouts Full call number Barcode Date last seen Price effective from Koha item type
    Dewey Decimal Classification     MUST Main Library MUST Main Library 21/04/2016   2001/16405.   338.9 SEN 1984. 2016-1128 21/04/2016 21/04/2016 Short Loan
    Dewey Decimal Classification     MUST Main Library MUST Main Library 17/06/2024 Purchase 2001/16404   338.9 SEN 1984. 2024-20701 17/06/2024 17/06/2024 Open Shelf
    Dewey Decimal Classification     MUST Main Library MUST Main Library 25/06/2024 Purchase 04/21523   338.9 SEN 1984. 2024-21342 25/06/2024 25/06/2024 Open Shelf
    Dewey Decimal Classification     MUST Main Library MUST Main Library 26/06/2024 Purchase 04/21522   338.9 SEN 1984. 2024-21383 26/06/2024 26/06/2024 Open Shelf
    Dewey Decimal Classification     MUST Main Library MUST Main Library 06/02/2025 Purchase 04/20680   338.9 SEN 1984. 2025-0003 06/02/2025 06/02/2025 Open Shelf